Datum a čas kvízu
29.5
Celkem bodů
Celkový počet nahraných bodů na tomto kvízu bez doplňovacích otázek.
7.
Pořadí na kvízu
Konečné umístění týmu na tomto kvízu.
Zaznamenané odpovědi
| # | Otázka | Odpověď | Body | Výsledky |
|---|---|---|---|---|
| 1. | V pražské zoo se samici jménem... | B) vombat | 1 | |
| 2. | Úřady v japonském Tokiu rozhod... | D) budova brání výhledu na horu Fudži | 1 | |
| 3. | Minulý týden vyšel první video... | Monkey Business | 0 | |
| 4. | Zavedená česká společnost ozná... | Seznam | 1 | |
| 5. | Koncem týdne se na trase Praha... | mil československých | 0 | |
| 6. | Téma začneme u Arnolda Schwarz... | Olympia, Universe | 0 | |
| 7. | Bývalý fotbalový útočník, dvoj... | George Weah | 0 | |
| 8. | Ve kterém sportu reprezentoval... | skoky na lyžích | 0 | |
| 9. | Také hokejisty to táhne po kon... | mistrovství světa, olympijské hry, Stanley Cup | 0.5 | |
| 10. | Pavel Bém je bývalým pražským... | lékař (psychiatr) | 1 |